000 00615nam a22001937a 4500
003 BUBTL
008 190508b xxu||||| |||| 00| 0 eng d
020 _a81-7215-526-3
082 _a891.443 / MAO
100 _92327
_aমজুমদার, সমরেশ
245 _aঅগ্নিরথ /
_cসমরেশ মজুমদার
250 _a1st ed.
260 _aকলকাতা :
_bআনন্দ,
_cc2000
300 _a389 p. :
_c24 cm.
650 0 _91689
_aবাংলা সাহিত্য
856 _k0
_l0
_yDownload
942 _2ddc
_cBK
999 _c6042
_d6042